000 01083cam a2200313 4500
001 6339
005 20230404130017.0
008 060907n1995 nyu eng
020 _a0195094824 (pbk. : alk. paper)
020 _a0195094816 (cloth : alk. paper)
035 _9funglode6397
041 _aES
050 1 4 _a107 F 1776
_bP438c 1995
082 0 0 _a972.91064
100 1 _aPérez, Louis A.,
_d1943-
245 1 0 _aCuba :
_bbetween reform and revolution /
_cLouis A. Pérez, Jr
250 _a2a ed.
260 _aNew York :
_bOxford University Press,
_c1995
300 _axii, 539 p. :
_b2 maps ;
_c22 cm.
651 0 _aCuba
_xHistory.
650 0 _aNationalism
_zCuba
_xHistory.
650 4 _aHistoria del nacionalismo
_zCuba.
651 4 _aCuba
_xHistoria.
651 4 _aCuba
_xCondiciones sociales.
651 4 _aCuba
_xPolítica y gobierno.
856 4 2 _3Publisher description |u http://www.loc.gov/catdir/enhancements/fy0603/95014801-d.html
856 4 1 _3Table of contents only |u http://www.loc.gov/catdir/enhancements/fy0603/95014801-t.html
942 _2lcc
_cbk
999 _c9147
_d9147